| 000 | 00722nam a2200205 a 4500 | ||
|---|---|---|---|
| 001 | 000024976 | ||
| 005 | 20200930023502.0 | ||
| 008 | 110208s1976 cr r 000 0 spa d | ||
| 040 |
_aDO-SdBNP _bspa _cBNPHU |
||
| 082 |
_aNNN _bM491c |
||
| 100 | 1 |
_aMedina Echavarría, José, _d1903-1977. _951250 |
|
| 245 | 1 | 0 |
_aConsideraciones sociológicas sobre el desarrollo económico en América Latina / _cJosé Medina Echavarría ; préfacio de Eugenio Fonseca-Tortós. |
| 260 |
_aSan Jose, Costa Rica : _bUniversitaria Centroamericana, _c1976. |
||
| 300 |
_a218, [2] p. ; _c17 cm. |
||
| 490 | 1 | _aAula | |
| 504 | _aIncluye bibliografía | ||
| 700 | 1 |
_aFonseca-Tortós, Eugenio. _951251 |
|
| 830 | 0 |
_aAula _916604 |
|
| 049 | _aBNGR | ||
| 999 |
_c24469 _d24469 |
||